Los cuervos de San Vicente: escatología mozárabe
Saved in:
| Hovedforfatter: | |
|---|---|
| Format: | Bog |
| Sprog: | spansk |
| Udgivet: |
Madrid, España
Nacional
1978
|
| Serier: | Biblioteca de visionarios, heterodoxos y marginados,
2 |
| Fag: | |
| Tags: |
Tilføj Tag
Ingen Tags, Vær først til at tagge denne postø!
|
MARC
| LEADER | 00000nam a2200000 a 4500 | ||
|---|---|---|---|
| 001 | UCX1828 | ||
| 003 | CL-VaPUC | ||
| 005 | 20200824091241.0 | ||
| 008 | 901109e19780000SP |||||||||||||||||spa|d | ||
| 999 | |c 222982 |d 222980 | ||
| 040 | |c Pontificia Universidad Católica de Valparaíso | ||
| 082 | 0 | 4 | |a 236 HAG 1978 |2 21 |
| 100 | |a Hagerty, Miguel José |e author |9 317526 | ||
| 245 | 1 | 4 | |a Los cuervos de San Vicente: |b escatología mozárabe |
| 260 | |a Madrid, España |b Nacional |c 1978 | ||
| 300 | |a 318 páginas | ||
| 490 | 0 | |a Biblioteca de visionarios, heterodoxos y marginados, |v 2 | |
| 583 | |a last modification |c 19901109 00:00:00 |k Rodrigo Vera | ||
| 650 | 7 | |a ESCATOLOGIA |2 CL-VaPUC |9 317527 |x HISTORIA DE LAS DOCTRINAS |z ESPAÑA | |
| 650 | 7 | |a FUENTES DE LA HISTORIA |2 CL-VaPUC |9 255666 |z ESPAÑA | |
| 650 | 7 | |a HISTORIA ECLESIASTICA |2 CL-VaPUC |9 317528 |z ESPAÑA | |
| 852 | |a BIBCUR | ||
| 942 | |c BK |2 ddc | ||
| 945 | |d 19901109 00:00:00 | ||
| 952 | |0 0 |1 0 |2 ddc |4 0 |6 236_000000000000000_HAG_1978 |7 0 |8 A |9 218323 |a BIBTEO |b BIBTEO |d 2019-11-15 |i 2871637 |o 236 HAG 1978 |p 2871637 |r 2025-01-17 |t 3 |w 2019-11-15 |y BK |k ICR | ||
| 952 | |0 0 |1 0 |2 ddc |4 0 |6 236_000000000000000_HAG_1978 |7 0 |8 A |9 218324 |a BIBHIS |b BIBHIS |d 2019-11-15 |i 1331310 |o 236 HAG 1978 |p 1331310 |r 2025-01-20 |t 2 |w 2019-11-15 |y BK |k HIS | ||
| 952 | |0 0 |1 0 |2 ddc |4 0 |6 236_000000000000000_HAG_1978 |7 0 |8 A |9 218325 |a BIBART |b BIBART |d 2019-11-15 |i 1205110 |o 236 HAG 1978 |p 1205110 |r 2025-03-13 |t 1 |w 2019-11-15 |y BK |k ART | ||
| 952 | |0 0 |1 0 |2 ddc |4 0 |6 236_000000000000000_HAG_1978 |7 0 |8 A |9 218326 |a BIBTEO |b BIBTEO |d 2019-11-15 |i 3716422 |o 236 HAG 1978 |p 3716422 |r 2025-01-17 |t 4 |w 2019-11-15 |y BK |k ICR | ||